| 000 | 00645nam a2200181 i 4500 | ||
|---|---|---|---|
| 001 | 95515 | ||
| 003 | ES-MaACL | ||
| 005 | 20230906181725.0 | ||
| 007 | t| | ||
| 008 | 050531s1947 sp ||||1| spa d | ||
| 100 | 1 |
_aLlanas de Niubó, Renato. _972684 |
|
| 245 | 1 | 0 |
_aLey de Arrendamientos Urbanos de 31 de diciembre de 1946 / _cexposición y comentarios de Renato Llanas de Niubó, A. Llamas Pérez. |
| 260 |
_aBarcelona : _b[s.n.], _c1947 ( _fTalls. Gráficos Agustín Núñez) |
||
| 300 |
_a205 p. ; _c23 cm. |
||
| 650 | 4 |
_aArrendamiento urbano- _zEspaña. _910063 |
|
| 700 | 1 |
_aLlamas Pérez, A. _972671 |
|
| 852 |
_aES-MaACL _jC-5016 _bR.25378 |
||
| 999 |
_c95515 _d95515 |
||